Normal view
MARC view
Entry Topical Term
001 - CONTROL NUMBER
- control field: 13380
003 - CONTROL NUMBER IDENTIFIER
- control field: BD-RjUL
005 - DATE AND TIME OF LATEST TRANSACTION
- control field: 20240627151113.0
008 - FIXED-LENGTH DATA ELEMENTS
- fixed length control field: 240627|| aca||aabn | a|a d
040 ## - CATALOGING SOURCE
- Original cataloging agency: BD-RjUL
- Transcribing agency: BD-RjUL
150 ## - HEADING--TOPICAL TERM
- Topical term or geographic name entry element: Barley
- General subdivision: Yield
670 ## - SOURCE DATA FOUND
- Source citation: Work cat.: (BD-RjUL)83932: BAHADUR, MD. MANIRUZZAMAN 13379, PHYSIOLOGICAL ATTRIBUTES AND THEIR RELATIONSHIP TO YIELD OF BARLEY (Hordeum vulgare L.) AS AFFECTED BY IRRIGATION AND SOWING TIME /, 2008